| Tag |
First Indicator |
Second Indicator |
Subfields |
| LEADER |
00000cam a22000001a 4500 |
| 001 |
in00003762321 |
| 005 |
20190408185444.0 |
| 006 |
m o d f |
| 007 |
cr bn mmmapmmp |
| 008 |
040322s1914 dcu o f000 0 eng d |
| 035 |
|
|
|a ebd1910600626
|
| 040 |
|
|
|a UMI
|c UMI
|d UtOrBLW
|
| 086 |
0 |
|
|a N 1.13/5:122
|
| 099 |
|
|
|a N1.13-5.122
|
| 245 |
0 |
0 |
|a Money-order business on board ships.
|
| 264 |
|
1 |
|a Washington :
|b [publisher not identified],
|c 1914.
|
| 300 |
|
|
|a 1 online resource (1 pages)
|
| 336 |
|
|
|a text
|b txt
|2 rdacontent
|
| 337 |
|
|
|a computer
|b c
|2 rdamedia
|
| 338 |
|
|
|a online resource
|b cr
|2 rdacarrier
|
| 490 |
0 |
|
|a Navy Dept. Gen. Order 5th Series No. 122
|
| 500 |
|
|
|a [on Navy procedure].
|
| 500 |
|
|
|a Record is based on bibliographic data in ProQuest U.S. Executive Branch Documents, 1910-1932. Reuse except for individual research requires license from ProQuest, LLC.
|
| 533 |
|
|
|a Electronic reproduction.
|b [Bethesda, Md.] :
|c ProQuest,
|d 2012.
|e digital, PDF file.
|n ProQuest U.S. Executive Branch Documents, 1910-1932.
|n Mode of access: World Wide Web via ProQuest website.
|
| 538 |
|
|
|a System requirements: PDF reader software.
|
| 500 |
|
|
|a Electronic resource.
|
| 650 |
|
0 |
|a Postal money orders.
|0 http://id.loc.gov/authorities/subjects/sh85105494
|
| 655 |
|
7 |
|a Electronic books.
|2 local
|
| 710 |
1 |
|
|a United States.
|b Navy Department.
|0 http://id.loc.gov/authorities/names/n79083946
|
| 776 |
1 |
8 |
|i Microfiche version:
|t Money-order business on board ships
|o CIS US Exec MF N1.13-5.122
|w (ProQuest)cis19160612
|
| 856 |
4 |
0 |
|u http://proxy.library.tamu.edu/login?url=http://congressional.proquest.com/congressional/docview/t66.d71.n1.13-5.122
|z Connect to the full text of this electronic document
|t 0
|
| 999 |
f |
f |
|s da956eb6-fc04-3166-805f-3aaad39ec75c
|i c5a95727-5d41-3119-b48c-0e4aa37eef11
|t 0
|
| 952 |
f |
f |
|a Texas A&M University
|b College Station
|c Electronic Resources
|d Available Online
|t 0
|h No information provided
|
| 998 |
f |
f |
|t 0
|l Available Online
|